Language Quiz

Random Language or Letter Quiz

2 Letter Words (SOWPODS) Quiz Stats

 Plays Quiz Updated Feb 22, 2019

Score 0/124 Timer 05:00
0 Plays Today
Word % Correct
DO
83.2%
AT
79.5%
AN
78.6%
AS
78%
BE
76.1%
AM
76%
AD
75.7%
AB
75.1%
AA
74.7%
AH
73%
AE
72.7%
AL
72.6%
AG
71.9%
AR
71.7%
AI
71.5%
BO
71.5%
BA
71.3%
AW
70.4%
BI
69.7%
AY
69.3%
AX
68.8%
DA
66%
DE
64.7%
IT
63.8%
SO
63.4%
DI
62.9%
BY
62.2%
IN
60.7%
TO
60%
IS
58.3%
GO
57.9%
HE
57.8%
HI
56.6%
FA
55.7%
HO
54.3%
EN
54%
ME
53.9%
ER
53.8%
NO
53.8%
ED
53.7%
ET
53.6%
PO
53.6%
Word % Correct
EM
53.2%
EA
53.2%
EL
53.2%
EE
53.1%
EF
53.1%
ON
53%
EH
52.4%
HA
52.1%
ES
51.6%
IF
51.4%
FE
50.9%
OF
48.1%
MO
47.3%
EX
47%
LO
46.9%
LA
46.4%
MA
45.5%
GI
45.3%
OP
44.8%
MI
43.2%
WO
42.8%
OD
41.6%
GU
41.4%
OS
41.1%
OW
40.8%
NA
40.2%
ID
39.9%
WE
39.9%
OR
39.7%
MY
39.7%
LI
39.2%
IO
38.4%
JO
38.3%
TI
37.4%
NE
37.4%
KA
36.8%
PA
36.7%
KO
36.5%
TA
36.5%
JA
36.4%
MU
36.4%
PI
36.1%
Word % Correct
RE
36.1%
OO
35.9%
OH
35.3%
TE
34.7%
KI
34.2%
FY
33.9%
NU
33.2%
PE
32.6%
YO
32.3%
OM
31.5%
SI
31.2%
HM
30.8%
OE
30.2%
OI
29.9%
CH
29.2%
OB
29%
ZO
28.2%
ZA
28.1%
YA
27.8%
OX
27.2%
OY
27.1%
OU
26.6%
YE
25.8%
UP
25.7%
NY
24.5%
MM
24.5%
KY
24%
US
23%
YU
21.9%
UN
21.4%
UM
18.6%
QI
18.5%
XI
17.6%
UT
17.4%
UH
16%
UR
16%
UG
14%
XU
13.2%
ST
10.1%
SH
9.9%

You're not logged in!

Compare scores with friends on all Sporcle quizzes.
OR
Log In

Show Comments

Extras

Top Quizzes Today


Score Distribution

Your Account Isn't Verified!

In order to create a playlist on Sporcle, you need to verify the email address you used during registration. Go to your Sporcle Settings to finish the process.

Report this User

Report this user for behavior that violates our Community Guidelines.

Details: